Pokémon de double type acier et sol - Statistiques

Statistiques générales
  • Ce quiz a été pris 40 fois
  • Le résultat moyen est 3 sur 5
Statistiques - réponses
Hint Réponse % Correct
208 Steelix
88%
530 Minotaupe
69%
051 Triopikeur d'alola
63%
050 Taupiqueur d'alola
59%
618 Limonde de Galar
25%
Aucun quiz correspondant
Distribution des résultats
% des personnes avec chaque résultat
Percentile par nombre de réponses
Votre historique - résultats
Vous n’avez pas pris ce quiz